| 000 | 00761nac a22002051u 4500 | ||
|---|---|---|---|
| 008 | 100914t xxu||||| |||| 00| 0 eng d | ||
| 020 | _a0852362374 | ||
| 082 |
_a631.304 _bBEL |
||
| 100 |
_aBell, Brian _919091 |
||
| 245 |
_aFarm Workshop / _cBrian Bell |
||
| 250 | _a2nd ed | ||
| 260 |
_aIpswich, Eng. : _bFarming Press, _cc 1992. |
||
| 300 |
_a viii,161p. : _bill. ; _c26cm. |
||
| 500 | _aPrevious ed.: 1981 | ||
| 504 | _aIncludes index. | ||
| 650 |
_aAgricultural machinery _919090 _xMaintenance and repair |
||
| 650 |
_aFarm shops _919089 |
||
| 942 |
_cBB _k631.304 BEL _2ddc |
||
| 999 |
_c4320 _d4320 |
||